00269as aa2200109a 44500090002000000245004200020260004000062310001400102041001400116942001200130999001700142 aSERIADASb0162110aRevista semilleros de investigación bUniversidad del MagdalenaaColombia aIRREGULAR0 aEspañol cREVISTA c17382d17382